000
00306nam a22001097a 4500
003
URS
005
20220114171844.0
008
180103b xxu||||| |||| 00| 0 eng d
245
_a
Basic Accounting: concepts, principles, procedures and applications
700
_4
author
_a
Valencia, Edwin G. .
942
_2
lcc
_c
FR
999
_c
14969
_d
14969